[Event "Spanish League of Honour"]
[Site "Linares"]
[Date "2017.08.20"]
[Round "7"]
[White "Shevchenko, Kirill"]
[Black "Shvayger, Yuliya"]
[Result "1/2-1/2"]
[WhiteTitle "IM"]
[BlackTitle "WGM"]
[WhiteElo "2527"]
[BlackElo "2438"]
[Board "5"]
[WhiteCountry "UKR"]
[WhiteFideId "14129574"]
[WhiteEloChange "-1"]
[BlackCountry "ISR"]
[BlackFideId "14100126"]
[BlackEloChange "1"]

1. e4 e6 2. d4 d5 3. Nd2 c5 4. Ngf3 cxd4 5. exd5 Qxd5 6. Bc4 Qd6 7. O-O Nf6
8. Nb3 Nc6 9. Nbxd4 Nxd4 10. Nxd4 Be7 11. b3 O-O 12. Bb2 Qf4 13. Qf3 Qxf3
14. Nxf3 b6 15. Ne5 Bb7 16. Rad1 Rfd8 17. Be2 Bc5 18. Nd3 Be7 19. c4 Rac8
20. Ne5 Bc5 21. Rxd8+ Rxd8 22. Rd1 Rxd1+ 23. Bxd1 Kf8 24. Nd3 Bd6 25. Bxf6
gxf6 26. Bf3 Bc8 27. Bc6 Ke7 28. f3 f5 29. Kf2 e5 30. Bd5 f6 31. g3 Bd7 32.
b4 Be8 33. c5 bxc5 34. bxc5 Bc7 35. Bg8 Bg6 36. Nb4 Kd7 37. Bc4 a5 38. Bb5+
Ke6 39. Bc4+ Kd7 40. Bb5+ Ke6 41. Na6 Bd8 42. Bc4+ Kd7 43. Bd5 f4 1/2-1/2

[Event "Spanish League of Honour"]
[Site "Linares"]
[Date "2017.08.20"]
[Round "7"]
[White "Argandona Riveiro, Inigo"]
[Black "Antoli Royo, Joaquin Miguel"]
[Result "0-1"]
[WhiteTitle "IM"]
[BlackTitle "IM"]
[WhiteElo "2426"]
[BlackElo "2446"]
[Board "6"]
[WhiteCountry "ESP"]
[WhiteFideId "2212072"]
[WhiteEloChange "-5"]
[BlackCountry "ESP"]
[BlackFideId "2259532"]
[BlackEloChange "5"]

1. d4 Nf6 2. Bf4 g6 3. e3 Bg7 4. h3 O-O 5. Nf3 b6 6. Nbd2 Bb7 7. Be2 c5 8.
c3 d6 9. O-O Nbd7 10. Bh2 Rc8 11. a4 a6 12. Qb3 Rc7 13. Rfc1 Qa8 14. Qd1
Rfc8 15. Qf1 Bh6 16. Re1 cxd4 17. exd4 Nd5 18. Bd3 Nf8 19. Nc4 Ne6 20. a5
Qa7 21. axb6 Nxb6 22. Ncd2 a5 23. Ra3 a4 24. Rea1 Qa5 25. Qd1 Ng5 26. Nxg5
Qxg5 27. Nf3 Qd5 28. Bf1 Rb8 29. Bg3 Bc6 30. Ne1 Nc4 31. Bxc4 Qxc4 32. Nd3
Rcb7 33. Nb4 Rxb4 34. cxb4 Qd5 35. Qf3 Qxf3 36. gxf3 Rxb4 37. Rc3 Bb5 38.
Bh4 g5 39. Bg3 Rxb2 40. Re1 Bf8 41. f4 h6 42. fxg5 hxg5 43. h4 f6 44. hxg5
fxg5 45. Rc8 Kf7 46. Re3 Rb3 47. Rxb3 axb3 48. Rc3 Ba4 49. Rc7 Bb5 50. Rb7
Bc4 51. Bxd6 Bd5 52. Rb5 e6 53. Bc5 Bg7 54. Kh2 Kg6 55. Kg3 Bf6 56. f3 Bd8
57. Kg4 Bc7 58. Ba3 Bf4 59. Bb2 Bc4 60. Rb6 Bd5 61. Rb5 Kf7 62. Rc5 Be3 63.
Rc3 Bf4 64. Bc1 e5 65. dxe5 Kg6 66. Bxf4 b2 67. Bxg5 0-1

[Event "Spanish League of Honour"]
[Site "Linares"]
[Date "2017.08.20"]
[Round "7"]
[White "Rudolf, Anna"]
[Black "Buiza Prieto, Eihartze"]
[Result "1/2-1/2"]
[WhiteTitle "IM"]
[BlackTitle "WFM"]
[WhiteElo "2260"]
[BlackElo "2099"]
[Board "7"]
[WhiteCountry "HUN"]
[WhiteFideId "722855"]
[WhiteEloChange "-4"]
[BlackCountry "ESP"]
[BlackFideId "22250220"]
[BlackEloChange "4"]

1. d4 Nf6 2. c4 d6 3. Nf3 g6 4. g3 Bg7 5. Bg2 Nbd7 6. Nc3 c6 7. O-O e5 8.
e4 O-O 9. b3 Qc7 10. Bb2 Re8 11. Qd2 a5 12. h3 b6 13. Rfe1 Bb7 14. d5 cxd5
15. cxd5 Ba6 16. Bf1 Bxf1 17. Kxf1 Nc5 18. Qe2 Qd7 19. Kg2 Reb8 20. Ba3 Ne8
21. Bxc5 bxc5 22. Nd2 f5 23. f3 Rb7 24. Nc4 Bf8 25. Qd2 Qd8 26. Rab1 Rf7
27. Nb5 Nc7 28. Nxc7 Qxc7 29. a4 Qd8 30. Rf1 f4 31. g4 Be7 32. Rh1 Bh4 33.
Rb2 Rb7 34. Qc3 1/2-1/2